[Event "5th Cesme Open 2017"]
[Site "Cesme"]
[Date "2017.06.15"]
[Round "6.2"]
[White "Rasulov, Vugar"]
[Black "Drazic, Sinisa"]
[Result "1-0"]
[WhiteElo "2508"]
[BlackElo "2426"]
[Annotator "TA"]
[PlyCount "73"]
[EventType "swiss"]
[EventCountry "TUR"]
[SourceTitle "playchess.com"]
[Source "ChessBase"]
[SourceQuality "1"]

{[%evp 12,73,6,8,46,33,31,25,97,82,101,96,94,103,102,101,115,104,127,115,129,129,133,132,163,143,239,239,244,248,341,345,333,336,411,399,381,393,387,381,382,383,391,375,405,399,380,380,491,491,484,472,475,429,625,625,625,625,937,619,2328,2001,2132,2000]} 1. d4 d5 2. Nf3 c6 3. c4 Nf6 4. Qc2 g6 5. Bf4 Bg7 6. e3 O-O 7. Nc3 {LiveBook: 400 Games} Ne4 {D93: Grünfeld: 4 Nf3 Bg7 5 Bf4 0-0 6 e3} (7... c5 8. Rd1 Qa5 9. dxc5 Bf5 10. Bd3 Bxd3 11. Qxd3 Na6 12. cxd5 Nxc5 13. Qb5 Qxb5 14. Nxb5 Rfd8 15. d6 exd6 {½-½ (40) Dubov,D (2654)-Artemiev,V (2671) Chita 2015}) 8. Bd3 Nxc3 9. bxc3 c5 $146 (9... Bg4 $11 {keeps the balance.}) ({Predecessor:} 9... dxc4 10. Bxc4 Nd7 11. O-O Qa5 12. e4 e5 13. Bg3 Nb6 14. Bb3 c5 15. dxc5 Qxc5 {1-0 (85) Ibrahimov,R (2550)-Feyli,S (2169) Tabriz 2012}) 10. cxd5 $16 ({Of course not} 10. dxc5 $6 Na6 $11) 10... Qxd5 11. O-O Nc6 12. Rab1 $36 {[%mdl 2048] White is really pushing.} Bg4 13. Be4 Qd7 14. dxc5 Rfd8 15. Rfd1 Qc8 16. h3 Rxd1+ 17. Qxd1 Be6 18. Qa4 Bxc3 (18... Bf5 $16 {keeps fighting.} 19. Bxf5 gxf5) 19. Ng5 $18 Bf6 20. Nxe6 Qxe6 21. Rxb7 Nd4 22. Bd3 g5 23. Rb8+ ({Weaker is} 23. exd4 gxf4 24. Qd1 Kg7 $18) 23... Rxb8 24. Bxb8 Nc6 25. Bg3 Ne5 26. Bf1 h5 27. Qe4 h4 {[#]} 28. Bh2 $1 Kg7 29. a4 a5 30. g4 {White is clearly winning.} hxg3 31. Bxg3 Kf8 32. Kg2 Qc6 (32... Kg8 $142 33. Bb5 Kg7) 33. Qxc6 Nxc6 34. Bb5 Na7 35. Bc7 Bc3 36. Bd7 e6 37. Bd6+ {Precision: White = 97%, Black = 46%.} 1-0

[Event "5th Cesme Open 2017"]
[Site "Cesme"]
[Date "2017.06.15"]
[Round "6.3"]
[White "Baklan, Vladimir"]
[Black "Khamrakulov, Djurabek"]
[Result "1/2-1/2"]
[WhiteElo "2606"]
[BlackElo "2478"]
[Annotator "TA"]
[PlyCount "38"]
[EventType "swiss"]
[EventCountry "TUR"]
[SourceTitle "playchess.com"]
[Source "ChessBase"]
[SourceQuality "1"]

{[%evp 9,38,13,59,50,45,43,49,21,40,36,27,25,35,33,17,25,53,51,39,15,21,25,22,19,16,23,11,29,52,43,24]} 1. e4 c6 2. d4 d5 3. e5 Bf5 4. Nf3 e6 5. Be2 f6 6. O-O {B12: Caro-Kann: Advance Variation} fxe5 7. dxe5 Bc5 8. c3 $146 ({Predecessor:} 8. Nbd2 Ne7 9. Nb3 Bb6 10. Nfd4 O-O 11. c4 Nd7 12. g4 Bxd4 13. Nxd4 {½-½ (68) Vachier Lagrave,M (2754)-Jobava,B (2699) Khanty-Mansiysk 2015}) 8... Ne7 9. Nd4 O-O 10. Nd2 Bxd4 11. cxd4 c5 12. dxc5 Nd7 13. Nb3 Nxe5 14. Bf4 N7c6 15. Nd4 Qf6 {[#] aiming for ...Nxd4.} 16. Nxf5 Qxf5 17. Bg3 Rad8 18. Rc1 Qf6 19. Qd2 Nd4 {Precision: White = 75%, Black = 78%.} 1/2-1/2

[Event "5th Cesme Open 2017"]
[Site "Cesme"]
[Date "2017.06.15"]
[Round "6.4"]
[White "Lomsadze, Davit"]
[Black "Nevednichy, Vladislav"]
[Result "1/2-1/2"]
[WhiteElo "2341"]
[BlackElo "2533"]
[Annotator "TA"]
[PlyCount "82"]
[EventType "swiss"]
[EventCountry "TUR"]
[SourceTitle "playchess.com"]
[Source "ChessBase"]
[SourceQuality "1"]

{[%evp 16,82,-8,-51,-35,-56,-6,-14,-14,-22,0,0,39,21,28,0,0,0,0,-36,-35,-84,-92,-121,-140,-128,-121,-128,-123,-122,-134,-110,-105,-169,-163,-256,-208,-308,-293,-273,-219,-221,-81,-455,-435,-445,0,-52,-59,-59,-56,-81,-18,-38,6,10,5,0,0,0,0,0,0,0,0,0,0,0,0]} 1. Nf3 g6 2. g3 Bg7 3. Bg2 c5 4. O-O Nc6 5. c4 e6 6. Nc3 Nge7 7. d3 d5 8. Bd2 O-O 9. Qc1 b6 {A37: Symmetrical English vs ...g6: 4 Bg2 Bg7 5 Nf3} 10. Bh6 Bb7 11. Bxg7 Kxg7 12. cxd5 exd5 (12... Nxd5 13. Nxd5 Qxd5 14. Qc3+ Kg8 15. Rfe1 Qd7 16. e3 Rad8 17. Rad1 Qe7 18. a3 Rd7 19. h4 Rfd8 20. Ng5 f6 {½-½ (58) Dubov,D (2624)-Korobov,A (2720) Tromsoe 2013}) 13. d4 c4 14. Rd1 $146 ({Predecessor:} 14. Qf4 Qb8 15. Qg5 h6 16. Qd2 f5 17. b3 {1-0 (65) Havlicek,L (2268)-Szucs,V (2248) Slovakia 2014}) 14... f6 15. e4 Nb4 $1 $36 {[%mdl 2048] Black is pushing.} 16. e5 Nd3 17. Qd2 (17. Qb1 {is more complex.} Nc6 18. exf6+ Qxf6 19. Nxd5 Qe6 20. Ne3) 17... fxe5 18. Nxe5 Rxf2 19. Ne2 {[#]} Rxg2+ $1 {[%mdl 512]} 20. Kxg2 Nxe5 21. Nf4 Kg8 $1 22. dxe5 d4+ 23. Kg1 Nf5 {[%mdl 1024] Black has strong compensation.} 24. Rac1 {[#]} (24. Qf2 $17) 24... Qc7 $1 $19 25. h3 (25. e6 {was necessary.}) 25... b5 ({Not} 25... Qxe5 26. Rxc4 Rd8 27. Re1 $17) 26. Re1 (26. e6 {is a better defense.}) 26... d3 27. Kh2 Nd4 {White must now prevent ...Nf3+.} 28. Re3 Qc6 (28... Qc5 $19 29. Qf2 Nf5) 29. Nxd3 $2 {[%mdl 8192]} (29. Rf1 $17 {was the crucial defense.}) 29... Qd5 30. Rf1 {[#]} Ne6 $2 ({Weaker is} 30... cxd3 31. Rxd3 Rd8 32. Qf2 $11) (30... Nf5 $2 31. Ref3 $17) (30... Rf8 $1 $19 {[%cal Rf8f1]} 31. Rxf8+ Kxf8 32. Qf2+ Kg8) 31. Qe2 (31. Qf2 $11) 31... cxd3 $15 32. Rxd3 Qc4 {...Be4 is the strong threat.} 33. b3 Qc5 (33... Qc7 $17) 34. Qf2 {And now Qf7+ would win.} Rf8 (34... Qc7 $5 {[%cal Ra8f8]} 35. Qf6 Re8 $15) 35. Qxc5 {The position is equal.} Rxf1 {[%csl Gb7][%cal Rf1h1]} 36. Qg1 Rxg1 37. Kxg1 Bc8 38. Rc3 $1 {[%cal Rc3c8]} Bd7 39. Rd3 Bc8 40. Rc3 Bd7 41. Rd3 Bc8 {Precision: White = 39%, Black = 60%.} 1/2-1/2

[Event "5th Cesme Open 2017"]
[Site "Cesme"]
[Date "2017.06.15"]
[Round "6.5"]
[White "Shanava, Konstantine"]
[Black "Maghalashvili, Davit"]
[Result "1/2-1/2"]
[WhiteElo "2516"]
[BlackElo "2490"]
[Annotator "TA"]
[PlyCount "23"]
[EventType "swiss"]
[EventCountry "TUR"]
[SourceTitle "playchess.com"]
[Source "ChessBase"]
[SourceQuality "1"]

{[%evp 21,23,2,9,0]} 1. e4 e6 2. d4 d5 3. exd5 exd5 4. Bd3 Bd6 5. Ne2 Ne7 6. Bf4 Bf5 7. O-O O-O 8. c3 c6 9. Bxd6 Qxd6 10. Ng3 Bxd3 11. Qxd3 Nd7 12. Qd1 $146 {C01: French: Exchange Variation} ({Predecessor:} 12. Nd2 Ng6 13. Nf3 Nf6 14. Rfe1 Rfe8 15. Qd2 Ne4 16. Qc2 Nxg3 17. hxg3 Qd7 18. Rxe8+ Rxe8 19. Qd2 f6 20. Re1 Rxe1+ 21. Qxe1 {½-½ (30) Zaitsev,A (2506)-Konovalov,N (2459) Raskazovo 2016}) 1/2-1/2

[Event "5th Cesme Open 2017"]
[Site "Cesme"]
[Date "2017.06.15"]
[Round "6.6"]
[White "Guseynov, Alihan"]
[Black "Quparadze, Giga"]
[Result "0-1"]
[WhiteElo "2346"]
[BlackElo "2509"]
[Annotator "TA"]
[PlyCount "112"]
[EventType "swiss"]
[EventCountry "TUR"]
[SourceTitle "playchess.com"]
[Source "ChessBase"]
[SourceQuality "1"]

{[%evp 22,112,4,-12,7,12,36,0,87,85,106,-10,-10,-10,-10,-10,0,-10,-8,-8,-8,-8,-7,0,0,0,-2,-42,-42,-42,-42,-42,-42,-42,-46,-42,-43,-42,-42,-85,-59,-50,-50,-71,-35,-42,-42,-50,-42,-52,-30,-30,-30,-30,-28,-30,-8,-30,-8,-29,-13,-29,-18,-29,-3,-29,-29,-29,-10,-15,0,-20,0,0,0,-138,-138,-138,-139,-222,-99,-281,-154,-277,-254,-416,-397,-390,-390,-383,-372,-670,-613]} 1. d4 Nf6 2. c4 e6 3. Nc3 Bb4 4. Qc2 O-O 5. a3 Bxc3+ 6. Qxc3 b6 7. Bg5 Bb7 8. e3 d6 9. f3 Nbd7 10. Bd3 c5 11. Ne2 Rc8 12. Qd2 cxd4 {E32: Nimzo-Indian: Classical (4 Qc2): 4...0-0} (12... h6 13. Bh4 cxd4 14. exd4 Ba6 15. Rc1 d5 16. cxd5 Bxd3 17. Qxd3 Rxc1+ 18. Nxc1 Qc7 19. O-O Nxd5 20. Ne2 Rc8 21. Rc1 {0-1 (46) Guseynov,A (2320)-Quparadze,G (2445) Poti 2016}) 13. exd4 Ba6 {[%cal Bb7a6,Ba6d3,Bd3e2][%mdl 32]} (13... d5 14. cxd5 Bxd5 15. O-O Bc4 16. Rac1 Bxd3 17. Qxd3 h6 18. Bh4 Rxc1 19. Rxc1 Qa8 20. Qa6 {0-1 (36) Ljubojevic,L (2571)-Salgado Lopez,I (2615) Linares 2015}) 14. b3 Qc7 $146 (14... d5 $11) ({Predecessor:} 14... d5 15. cxd5 Bxd3 16. Qxd3 exd5 17. O-O Re8 18. Ng3 h6 19. Bd2 Nf8 20. Rac1 Rxc1 21. Rxc1 {½-½ (44) Miras Garcia,E (2205)-Le Duigou,J (2207) IECG email 2006}) 15. O-O d5 {[%cal Rd5c4]} 16. cxd5 (16. Rfc1 $16) 16... Bxd3 $11 17. dxe6 Bxe2 $1 18. exd7 Qxd7 19. Bxf6 gxf6 ({Avoid the trap} 19... Bxf1 $2 20. Qg5 $18) 20. Qxe2 Qxd4+ 21. Qf2 Qxf2+ 22. Kxf2 {[%mdl 4096] Endgame KRR-KRR} Rc2+ 23. Kg3 Kh8 24. Rac1 Rg8+ 25. Kf4 Rgxg2 26. Kf5 Kg7 {Strongly threatening ...Rg5+.} 27. Rxc2 Rxc2 $15 {KR-KR} 28. Rg1+ Kf8 29. f4 Rxh2 30. Rc1 Rh5+ (30... Rh6 {is interesting.} 31. Rc7 a5 32. Rb7 Rg6 33. Rxb6 h5) 31. Kxf6 {[%cal Rc1c8]} Rh6+ 32. Kf5 Rg6 33. Rh1 Kg7 34. Rh3 h6 35. a4 a5 36. Ke5 Re6+ 37. Kf5 Rc6 38. Rg3+ Kf8 (38... Rg6 $5 {[%cal Rg6g3]} 39. Rh3 Rf6+ 40. Ke5 Rc6 $17) 39. Re3 Rg6 40. Rc3 Rd6 41. Re3 (41. Ke5 $5 {[%cal Re5d6]} Re6+ 42. Kf5 $15) 41... Rc6 42. Rh3 Ke7 43. Re3+ Re6 44. Rc3 Kd7 45. Rg3 Kc6 46. Rc3+ Kd5 47. Rd3+ Kc5 48. Rc3+ (48. Rd7 $1 $11) 48... Kb4 $17 49. Rh3 Rc6 50. Ke5 {[#]} h5 $1 {[%mdl 512]} 51. Kd4 $2 (51. f5 $17 {only move.}) (51. Rxh5 Rc5+) 51... h4 ({Better is} 51... Rc5 $19 52. Ke4 b5 53. axb5 Rxb5) 52. Kd5 {[#]} (52. Ke5 $17) 52... Rc5+ $1 $19 53. Kd6 $2 (53. Kd4) 53... Rf5 54. Rf3 b5 55. axb5 Kxb5 56. Ke7 $2 (56. Rf2) 56... Kc5 {Precision: White = 41%, Black = 52%.} 0-1

[Event "5th Cesme Open 2017"]
[Site "Cesme"]
[Date "2017.06.15"]
[Round "6.7"]
[White "Sevgi, Volkan"]
[Black "Gleizerov, Evgeny"]
[Result "1/2-1/2"]
[WhiteElo "2192"]
[BlackElo "2507"]
[Annotator "TA"]
[PlyCount "67"]
[EventType "swiss"]
[EventCountry "TUR"]
[SourceTitle "playchess.com"]
[Source "ChessBase"]
[SourceQuality "1"]

{[%evp 15,67,11,15,27,33,14,102,98,115,106,126,103,116,114,114,140,108,125,141,132,186,134,149,52,52,56,58,57,59,56,59,55,62,61,66,52,49,51,71,50,79,13,19,0,0,0,0,0,0,0,14,0,0,0]} 1. e4 e6 2. d4 d5 3. Nd2 a6 4. Bd3 c5 5. dxc5 Bxc5 6. Ngf3 Nc6 7. a3 Nf6 8. O-O O-O 9. b4 {C07: French Tarrasch: 3...c5, 4 Ngf3 and 4 exd5 Qxd5} Bd6 10. Bb2 {[#] aiming for e5.} Ng4 (10... d4 $11 {remains equal.}) 11. exd5 $16 {White is better.} exd5 12. h3 Nf6 13. c4 $146 ({Predecessor:} 13. Re1 Nh5 14. Ne5 Nf4 15. Ndf3 Ne7 16. Bf1 Bf5 {1-0 (38) Morovic Fernandez,I (2605)-Menvielle Laccourreye,A (2310) Las Palmas 1994}) 13... dxc4 14. Nxc4 Bf4 15. Qc2 Be6 16. Rad1 Qe7 17. Rfe1 Rac8 (17... Rad8 $16 {was necessary.} 18. g3 Bc7) 18. Qb1 (18. Nb6 $18) 18... h6 19. Bf5 (19. g3 $16 Bc7 20. Nh4) 19... Rcd8 $14 20. Bxe6 Rxd1 21. Qxd1 fxe6 22. Qe2 Re8 23. Nd4 Nxd4 24. Bxd4 Nd5 25. Qg4 {[#] Hoping for Rxe6!} Qf7 26. g3 Bb8 27. Qe4 b5 28. Ne5 (28. Ne3 $16 {Black must now prevent Nxd5.} Rd8 29. Bc5) 28... Qf5 $11 {The position is equal.} 29. Nd7 (29. Nf3 {feels hotter.} Qxe4 30. Rxe4 Kf7 31. Re2 Rc8 32. Bc5) 29... Qxe4 30. Rxe4 Bd6 31. Bc5 (31. Be5 $5 {[%cal Re5d6]} Rd8 32. Nc5 (32. Bxd6 Rxd7 33. Bc5 Kf7 $11) 32... Bxc5 33. bxc5 $11) 31... Bc7 32. Bd4 Bd6 33. Bc5 (33. Be5 $5 {[%cal Re5d6]}) 33... Re7 34. Nb8 {Precision: White = 55%, Black = 65%.} 1/2-1/2

[Event "5th Cesme Open 2017"]
[Site "Cesme"]
[Date "2017.06.15"]
[Round "6.8"]
[White "Ulybin, Mikhail"]
[Black "Bashirli, Nail"]
[Result "1-0"]
[WhiteElo "2499"]
[BlackElo "2345"]
[Annotator "TA"]
[PlyCount "103"]
[EventType "swiss"]
[EventCountry "TUR"]
[SourceTitle "playchess.com"]
[Source "ChessBase"]
[SourceQuality "1"]

{[%evp 13,103,20,25,14,22,12,14,8,56,55,51,50,58,60,49,56,60,41,65,73,71,54,67,72,66,59,182,141,192,185,185,189,206,205,407,396,399,397,502,506,506,502,503,499,502,502,491,491,565,561,554,537,536,535,676,668,674,674,673,659,655,652,634,606,935,878,1033,1007,1005,991,1051,1029,1445,1242,1884,1683,1424,1275,2575,2321,1859,2297,2298,2204,2123,1527,2807,2450,29977,29978,29978,29978]} 1. d4 Nf6 2. c4 e6 3. g3 Bb4+ 4. Bd2 Bxd2+ 5. Qxd2 d5 6. Bg2 O-O 7. Nf3 Nbd7 8. Qc2 {E11: Bogo-Indian} c6 9. Nbd2 b6 10. e4 {The position is equal.} Bb7 $146 ({Predecessor:} 10... dxe4 11. Nxe4 Nxe4 12. Qxe4 Bb7 13. O-O Qc7 14. Ne5 Nxe5 15. Qxe5 Rac8 {0-1 (38) Nielsen,P (2652)-Short,N (2684) playchess.com INT 2004}) 11. e5 Ne8 12. cxd5 exd5 13. O-O Nc7 14. Rfe1 Ne6 15. Nf1 Qe7 16. Ne3 $36 {[%mdl 2048] Hoping for Nf5. Keeping Black busy.} g6 17. Rad1 Rac8 18. Qb1 Rfd8 19. b4 {[%cal Bb2b4,Bb4b5][%mdl 32]} Ra8 (19... Ba8 $14) 20. Nh4 $1 $18 a5 (20... Kh8 $16 {might work better.}) 21. b5 c5 22. Nxd5 Bxd5 23. Bxd5 Nxd4 $2 (23... Rac8 24. Nf3 Ndf8) 24. Rxd4 cxd4 {[#]} 25. e6 $1 {[%cal Re6f7]} Ne5 26. exf7+ Kf8 27. Bxa8 d3 28. Bg2 d2 29. Rd1 Qc5 30. Qb2 Qd6 31. Nf3 Nxf3+ 32. Bxf3 Kxf7 33. Qc3 Qc5 34. Qxc5 bxc5 {[%mdl 4096] Endgame KRB-KR} 35. b6 c4 36. b7 c3 {[#]} 37. Be4 $1 Ke6 {Black hopes to continue with ...Rb8.} 38. Kf1 Ke5 39. Bc2 Kd4 40. Rb1 Rb8 41. Rb5 g5 42. a4 g4 43. Kg2 Kc4 44. f4 gxf3+ 45. Kxf3 {Threatening mate with Bb3+.} Kd4 46. g4 {[%cal Bg3g4,Bg4g5][%mdl 32]} Rf8+ 47. Kg3 Rb8 48. g5 Ke3 49. h4 {[%cal Bh2h4,Bh4h5][%mdl 32]} Ke2 50. Rb1 d1=Q 51. Bxd1+ Kd2 52. h5 {Precision: White = 87%, Black = 28%.} 1-0

[Event "5th Cesme Open 2017"]
[Site "Cesme"]
[Date "2017.06.15"]
[Round "6.9"]
[White "Rahmanov, Shahriyar"]
[Black "Solodovnichenko, Yuri"]
[Result "0-1"]
[WhiteElo "2353"]
[BlackElo "2583"]
[Annotator "TA"]
[PlyCount "66"]
[EventType "swiss"]
[EventCountry "TUR"]
[SourceTitle "playchess.com"]
[Source "ChessBase"]
[SourceQuality "1"]

{[%evp 17,66,-63,-38,-63,-64,-84,-50,-67,-63,-89,-56,-45,-39,-80,-76,-68,-72,-74,-69,-56,-66,-287,-279,-275,-272,-577,-576,-563,-559,-559,-520,-530,-509,-597,-495,-579,-600,-686,-604,-756,-772,-765,-763,-800,-790,-866,-817,-1052,-1079,-1074,-1018]} 1. d4 d5 2. c4 e6 3. Nc3 c6 4. Nf3 dxc4 5. g3 b5 6. Bg2 Bb7 7. O-O Nf6 8. Qc2 Be7 9. e4 O-O 10. Be3 {E04: Open Catalan: 5 Nf3} Nbd7 11. Rad1 Qa5 $146 ({Predecessor:} 11... a6 12. Rfe1 h6 13. a3 g5 14. h4 Ng4 15. Bc1 gxh4 {1-0 (71) Donchenko,A (2294)-Henrotte,N (1961) playchess.com INT 2012}) 12. a3 {Black is slightly better.} Rfe8 13. h3 Rad8 14. e5 Nd5 15. Nxd5 cxd5 16. Ng5 Nf8 17. f4 Bc8 18. g4 f6 19. f5 $2 {[#]} (19. exf6 $15 gxf6 20. Nf3) 19... exf5 $1 $19 ({And not} 19... fxg5 20. f6 $14) 20. gxf5 fxg5 21. f6 $2 (21. Qf2 Qb6 22. Rde1) 21... gxf6 {Black is clearly winning.} 22. exf6 {[#]} Bxf6 $1 23. Rxf6 Rxe3 24. Qf2 Ree8 25. Rf1 Be6 26. Qe3 Qc7 27. h4 Qg7 28. Qg3 gxh4 29. Qxh4 Kh8 30. Kh1 Bg8 31. R6f5 Ng6 32. Qg5 Qxd4 33. Bh3 Qh4 {Precision: White = 40%, Black = 64%.} 0-1

[Event "5th Cesme Open 2017"]
[Site "Cesme"]
[Date "2017.06.15"]
[Round "6.10"]
[White "Gokerkan, Cem Kaan"]
[Black "Malakhatko, Vadim"]
[Result "1-0"]
[WhiteElo "2333"]
[BlackElo "2518"]
[Annotator "TA"]
[PlyCount "55"]
[EventType "swiss"]
[EventCountry "TUR"]
[SourceTitle "playchess.com"]
[Source "ChessBase"]
[SourceQuality "1"]

{[%evp 21,55,49,61,69,72,54,62,-4,0,7,0,0,0,0,15,15,73,63,68,57,92,77,578,577,592,574,993,992,965,904,1310,592,544,521,515,514]} 1. e4 c5 2. Nf3 Nc6 3. Nc3 e6 4. d4 cxd4 5. Nxd4 Qc7 6. Be3 a6 7. Qf3 {B48: Sicilian: Taimanov: 5 Nc3 Qc7 6 Be3 a6 without Be2} Bd6 (7... Nf6 8. O-O-O Rb8 9. Be2 d6 10. Qg3 Nxd4 11. Bxd4 e5 12. Ba7 Ra8 13. Be3 b5 14. f4 Bb7 15. fxe5 Nxe4 16. Nxe4 Bxe4 {1-0 (42) Nepomniachtchi,I (2767)-Adhiban,B (2666) Doha 2016}) 8. O-O-O Be5 9. g3 Nf6 10. Qe2 O-O 11. f4 Bxd4 {LiveBook: 4 Games} 12. Bxd4 Nxd4 13. Rxd4 e5 14. Rd2 $146 (14. fxe5 $14 Qxe5 15. Qd3) ({Predecessor:} 14. Rc4 Qb8 {0-1 (52) Wastney,S (2312)-Ampie,M (2348) Baku 2016}) 14... exf4 15. e5 f3 $1 {[%cal Rf3e2]} 16. Qxf3 Qxe5 17. Bc4 Rb8 18. Nd5 Ne4 (18... Nxd5 $11 {keeps the balance.} 19. Qxd5 (19. Rxd5 Qc7 $11) 19... Qxd5 20. Bxd5 (20. Rxd5 $2 {perishes.} b5 $19) 20... b5) 19. Re2 $36 {[%mdl 3072] White has strong compensation. White has some pressure.} Qg5+ 20. Re3 b5 21. h4 Qd8 $2 {[%mdl 8192]} (21... Qh6 $16 {stays breathing.}) 22. Bd3 $18 {White is clearly winning.} ({Less strong is} 22. Rxe4 bxc4 23. Qc3 (23. Rxc4 d6 $14) 23... Bb7 $14) 22... f5 {[#]} 23. Rxe4 $1 fxe4 24. Qxe4 g6 25. Ne7+ Kg7 26. Qe5+ (26. h5 $142 {Intending h6+ and mate.} Rb6 27. hxg6 hxg6 28. Qe5+ Rff6 29. Bxg6) 26... Rf6 27. Qxb8 Qxe7 28. Qxc8 {Precision: White = 52%, Black = 36%.} 1-0

[Event "5th Cesme Open 2017"]
[Site "Cesme"]
[Date "2017.06.15"]
[Round "6.11"]
[White "Haznedaroglu, Kivanc"]
[Black "Marholev, Dimitar"]
[Result "1-0"]
[WhiteElo "2501"]
[BlackElo "2182"]
[Annotator "TA"]
[PlyCount "69"]
[EventType "swiss"]
[EventCountry "TUR"]
[SourceTitle "playchess.com"]
[Source "ChessBase"]
[SourceQuality "1"]

{[%evp 16,69,15,16,17,12,22,11,62,55,62,67,60,61,56,68,77,68,114,73,76,83,82,73,134,130,138,129,157,148,142,131,141,0,149,134,126,126,161,122,175,151,151,165,149,115,126,122,120,118,125,112,350,339,414,421]} 1. d4 Nc6 2. Nf3 d6 3. e4 e5 4. Bb5 exd4 5. Nxd4 Bd7 6. O-O g6 7. Nc3 Bg7 8. Bxc6 bxc6 9. Re1 Ne7 {C62: Ruy Lopez: Steinitz Defence} 10. Bf4 c5 11. Nf3 Bc6 (11... f6 $11) (11... f6 12. Qd2 O-O 13. Bh6 a5 14. h3 a4 15. Rad1 Be6 16. Bxg7 Kxg7 17. e5 fxe5 18. Nxe5 Qc8 19. Ng4 Ng8 20. Ne4 {1-0 (20) Adams,M (2725)-Ehlvest,J (2605) Caleta 2013}) 12. e5 $14 {[%cal Re5d6]} d5 13. Bg5 d4 $146 ({Predecessor:} 13... h6 14. Bf6 Kf8 15. Qe2 Bxf6 16. exf6 Nf5 17. Qa6 {1-0 (38) Bellin,R (2360)-Kushnir,A (2365) Wijk aan Zee 1976}) 14. Ne4 $36 {[%mdl 2048] White is more active.} Bxe4 $1 15. Rxe4 O-O 16. Qd3 Qd7 17. Bxe7 (17. Rae1 {seems wilder.} Nd5 18. Qc4 Rfb8 19. Qxc5 Rxb2 20. Rxd4 c6 21. Bc1) 17... Qxe7 18. Rae1 Rab8 19. b3 a5 ({Better is} 19... Rb6) 20. a4 $16 Rfd8 21. Nd2 Bh6 22. Nc4 Ra8 23. Qh3 Bg7 24. Qd3 (24. f4 $16) 24... Qe6 (24... Bh6 $1 $11) 25. R4e2 Bh6 {[%cal Bg7h6,Bh6g5,Bg5e7][%mdl 32]} 26. g3 Bg5 27. Qe4 c6 (27... Be7 $16 28. f4 f5 29. exf6 Qxe4 30. Rxe4 Bxf6) 28. Rd1 Re8 29. Nd6 Red8 30. Qxc6 Be7 {[%cal Re7d6]} 31. Rde1 d3 32. cxd3 {[%cal Bc2d3,Bd3d4,Bd4c5][%mdl 32]} Qxb3 33. Re3 {aiming for d4.} Kg7 $2 {[#]} (33... Bxd6 $16 {might work better.} 34. exd6 Rac8) 34. d4 $1 $18 ({Not} 34. Qxc5 Qb4 $16) 34... Qb4 35. dxc5 {Precision: White = 67%, Black = 34%.} 1-0

[Event "5th Cesme Open 2017"]
[Site "Cesme"]
[Date "2017.06.15"]
[Round "6.12"]
[White "Ozen, Bahadir"]
[Black "Morchiashvili, Bachana"]
[Result "1/2-1/2"]
[WhiteElo "2332"]
[BlackElo "2403"]
[Annotator "TA"]
[PlyCount "54"]
[EventType "swiss"]
[EventCountry "TUR"]
[SourceTitle "playchess.com"]
[Source "ChessBase"]
[SourceQuality "1"]

{[%evp 10,54,0,0,0,0,12,0,7,-4,52,7,51,21,25,20,22,8,27,0,0,0,0,0,0,-58,0,-1,0,6,8,-39,-25,-28,-23,-29,0,-14,0,0,0,0,0,0,0,0,0]} 1. g3 Nf6 2. Bg2 d5 3. Nf3 g6 4. c4 dxc4 5. Na3 Be6 6. Qc2 {LiveBook: 4 Games. A09: Réti Opening: 1 Nf3 d5 2 c4} Bg7 7. Nxc4 Nc6 8. d3 O-O 9. O-O a5 $146 (9... Nd5 $11) ({Predecessor:} 9... Bd5 10. e4 Bxc4 11. Qxc4 Nd7 12. Rd1 Nb6 13. Qc2 Nd4 14. Nxd4 Bxd4 {0-1 (61) Wang,Y (2706)-Zeng,C (2504) China 2013}) 10. Bd2 Qb8 11. Rfc1 Rd8 12. a3 a4 13. Rab1 Qa7 14. Be3 Qa6 15. b4 {[#] aiming for b5.} axb3 $1 16. Qxb3 Na5 17. Qb5 (17. Qb4 $11) 17... Nxc4 (17... Qxb5 $15 18. Rxb5 Bxc4 19. dxc4 Ne4) 18. Qxa6 $11 Rxa6 19. dxc4 b6 20. c5 {[%cal Rc5b6]} Nd5 {White must now prevent ...Nc3.} ({Much worse is} 20... Rxa3 21. cxb6 cxb6 22. Nd4 $14 (22. Bxb6 Re8 $11)) 21. cxb6 cxb6 {[#] Threatens to win with ...Nc3.} 22. Bd4 Bh6 23. Rc6 {The position is equal.} Bf5 24. Rb3 Be6 25. Rd3 Bf5 26. Rb3 Be6 27. Rd3 Bf5 {Precision: White = 63%, Black = 55%.} 1/2-1/2

[Event "5th Cesme Open 2017"]
[Site "Cesme"]
[Date "2017.06.15"]
[Round "6.13"]
[White "Chighladze, Iveri"]
[Black "Arat, Ufuk Sezen"]
[Result "1-0"]
[WhiteElo "2326"]
[BlackElo "2398"]
[Annotator "TA"]
[PlyCount "43"]
[EventType "swiss"]
[EventCountry "TUR"]
[SourceTitle "playchess.com"]
[Source "ChessBase"]
[SourceQuality "1"]

{[%evp 23,43,26,59,57,68,61,76,59,68,14,11,10,2,8,41,45,106,95,102,72,55,58]} 1. d4 Nf6 2. c4 g6 3. Nc3 Bg7 4. e4 d6 5. Nf3 O-O 6. Be2 e5 7. O-O Na6 8. Be3 Ng4 9. Bg5 Qe8 10. dxe5 dxe5 11. Nd2 h6 12. Bh4 h5 {LiveBook: 6 Games. E94: King's Indian: Classical: 6 Be2 e5 7 0-0: Various Black 7th moves} 13. a3 $146 ({Predecessor:} 13. h3 Nh6 14. c5 Be6 15. Nd5 Bxd5 16. exd5 Nf5 17. c6 bxc6 18. Bxa6 Nxh4 19. Bb7 cxd5 20. Bxa8 Qxa8 {0-1 (38) Sulava,N (2526)-Nevednichy,V (2563) Ohrid 2001}) 13... f6 14. b4 Be6 15. h3 Nh6 16. c5 (16. f3 $14) 16... Rd8 $11 17. Qc2 g5 18. Bg3 h4 19. Bh2 g4 ({Black should play} 19... Nb8 $14) 20. hxg4 $16 Nxg4 21. c6 h3 {[#] And now ...hxg2 would win.} 22. Bg3 {Precision: White = 67%, Black = 36%.} ({Much weaker is} 22. cxb7 Nxh2 23. Rfd1 (23. Kxh2 hxg2 24. Rg1 Qg6 $17) 23... hxg2 $15) 1-0